| 000 | 01295nam a2200349 i 4500 | ||
|---|---|---|---|
| 003 | CO-BoRNBP | ||
| 005 | 20250210174009.0 | ||
| 007 | ta | ||
| 008 | 250210s2023 ck a|||| |||| 00| 0 spa d | ||
| 020 | _a9789583204005 | ||
| 040 |
_aCO-BoRNBP _bspa _cCO-BoRNBP _erda |
||
| 041 | _aspa | ||
| 043 |
_aa..ja.. _bs-ck-- |
||
| 084 | _aC SAT1 | ||
| 100 | 1 |
_aSatoshi, Kitamura _d1956- _eautor _958210 |
|
| 245 | 1 |
_aLily va de paseo/ _cSatoshi Kitamura; traducción, Juana Inés Dehesa |
|
| 250 | _aEdición especial | ||
| 264 | 1 |
_aBogotá, Colombia _bEditorial Océano De Colombia _c2023 |
|
| 300 |
_a24 páginas, _bilustraciones a color, _c22 cm |
||
| 336 |
_2rdacontent _atexto _btxt |
||
| 337 |
_2rdamedia _asin mediación _bn |
||
| 338 |
_2rdacarrier _avolumen _bnc |
||
| 490 |
_aPlan Nacional de Lectura, Escritura y Oralidad _pMinisterio de Cultura |
||
| 521 | _aRecomendado para un público infantil a partir de los 6 años | ||
| 534 | _tLily takes a walk | ||
| 650 | 1 | 7 |
_2ARMARC _aCuentos infantiles japoneses _vSiglo XXI _958211 |
| 650 | 1 | 7 |
_2ARMARC _aLiteratura infantil japonesa _vSiglo XXI _958212 |
| 650 | 1 | 7 |
_2ARMARC _aMascotas en la literatura _958213 |
| 650 | 1 | 7 |
_2ARMARC _aLibros ilustrados para niños _92001 |
| 700 | 1 |
_aDehesa, Juana Inés _etraductora _958214 |
|
| 942 |
_2ddc _cBKINF |
||
| 999 |
_c56883 _d56883 |
||